Akta Perhutanan Negara 1984 (Akta 313) dan Akta Industri Berasa Kayu (Kekuasan Badan Perundangan Negeri) 1984 (Akta 314)

Bibliographic Details
Corporate Author: MALAYSIA
Format: Book
Published: Kuala International Law Book services , 2010
Subjects:

MARC

LEADER 00000cam a2200000 7i4500
001 0000003878
005 20110803.0
020 0 0 |a 9678909715 
090 0 0 |a R346.04675595   |b MAL 2010 
110 1 0 |a MALAYSIA 
245 0 0 |a Akta Perhutanan Negara 1984 (Akta 313) dan Akta Industri Berasa Kayu (Kekuasan Badan Perundangan Negeri) 1984 (Akta 314)   |c disusun oleh Lembaga Penyelidikan Undang-Undang 
260 0 0 |a Kuala International Law Book services ,   |c 2010 
300 |a 104 p. ;   |c 24 cm. 
650 0 0 |a Forestry law and legislation   |z Malaysia 
998 |a JPSM 
999 |a 007663   |b Monograph   |c Reference   |e Default branch